Datum a čas kvízu
43.5
Celkem bodů
Celkový počet nahraných bodů na tomto kvízu bez doplňovacích otázek.
1.
Pořadí na kvízu
Konečné umístění týmu na tomto kvízu.
Zaznamenané odpovědi
| # | Otázka | Odpověď | Body | Výsledky |
|---|---|---|---|---|
| 1. | Jeden z českých vrcholných pol... | Ivan Bartoš | 1 | |
| 2. | Slovenskému premiérovi Igoru M... | Žije v nezkolaudovaném domě. | 0 | |
| 3. | Německá televize ARD začne od... | Pan Tau | 1 | |
| 4. | Společnost Škoda Auto má novéh... | Jihoafrická republika | 1 | |
| 5. | Jak se jmenuje čerstvý držitel... | Tomáš Souček | 0 | |
| 6. | Historie kulečníkových her sah... | slonovina | 1 | |
| 7. | Kulečník, nebo také biliár (z... | pool | 1 | |
| 8. | Osmička (Eight-ball) se hraje... | A | 0 | |
| 9. | Nyní vám pustíme ukázku ze ser... | karambol | 1 | |
| 10. | The Hustler, česky Hazardní hr... | Barva peněz | 1 |